Loading...
| Fine Arts - Classical Music | 0 | 9 | 1 | 2 | 85 | 75 | 103.67 | 0 | 0 | 0.00 | 0.00 |
| Fine Arts - Other | 0 | 5 | 0 | 1 | 50 | 68 | 109.60 | 0 | 1 | 0.00 | 0.00 |
| Science - Other | 0 | 4 | 0 | 3 | 40 | 93 | 111.00 | 0 | 2 | 0.00 | 0.00 |
| History - Other | 0 | 4 | 0 | 0 | 40 | 79 | 99.75 | 0 | 1 | 0.00 | 0.00 |
| Science - Chemistry | 0 | 3 | 0 | 0 | 30 | 47 | 60.00 | 0 | 3 | 0.00 | 0.00 |
| Religion | 0 | 3 | 0 | 0 | 30 | 69 | 91.67 | 1 | 2 | 0.00 | 0.00 |
| Philosophy | 0 | 3 | 0 | 0 | 30 | 50 | 87.67 | 1 | 1 | 0.00 | 0.00 |
| History - European | 0 | 3 | 1 | 0 | 25 | 70 | 92.00 | 0 | 1 | 0.00 | 0.00 |
| Science - Physics | 0 | 2 | 0 | 1 | 20 | 103 | 115.50 | 0 | 0 | 0.00 | 0.00 |
| Social Science | 0 | 2 | 1 | 0 | 15 | 66 | 80.50 | 0 | 1 | 0.00 | 0.00 |
| Mythology | 0 | 1 | 0 | 1 | 10 | 130 | 130.00 | 0 | 0 | 0.00 | 0.00 |
| Literature - British | 0 | 1 | 0 | 0 | 10 | 71 | 71.00 | 0 | 0 | 0.00 | 0.00 |
| Literature - European | 0 | 1 | 0 | 0 | 10 | 80 | 80.00 | 0 | 0 | 0.00 | 0.00 |
| Current Events | 0 | 1 | 0 | 1 | 10 | 76 | 76.00 | 0 | 0 | 0.00 | 0.00 |
| Popular Culture | 0 | 1 | 0 | 0 | 10 | 122 | 122.00 | 0 | 0 | 0.00 | 0.00 |
| Science - Biology | 0 | 1 | 0 | 0 | 10 | 84 | 84.00 | 0 | 0 | 0.00 | 0.00 |
| History - American | 0 | 0 | 1 | 0 | -5 | 0.00 | 0 | 0 | 0.00 | 0.00 |